|
|
|
|
| LEADER |
00714cam a22002057a 4500 |
| 001 |
c000106851 |
| 003 |
CARM |
| 005 |
19990128000000.0 |
| 008 |
990128s1967 enk 000 1 eng d |
| 019 |
1 |
|
|a 14466452
|5 LACONCORD2021
|
| 020 |
|
|
|a 0718106318
|
| 035 |
|
|
|a (OCoLC)30281897
|5 LACONCORD2021
|
| 040 |
|
|
|a VLINC
|b eng
|c VLINC
|
| 100 |
1 |
|
|a Caidin, Martin,
|d 1927-
|
| 245 |
1 |
4 |
|a The last fathom /
|c Martin Caidin.
|
| 260 |
|
|
|a London :
|b Michael Joseph,
|c 1967.
|
| 300 |
|
|
|a 270 p.
|
| 852 |
8 |
|
|b CARM
|h A2:AI05G0
|i A02183
|p 0153797
|f BK
|
| 999 |
f |
f |
|i 1c8306a6-a4f3-5f77-8d8a-7f463808c04d
|s d0daba6f-6ef5-5cf4-83e8-c4462f42288c
|
| 952 |
f |
f |
|p Can circulate
|a CAVAL
|b CAVAL
|c CAVAL
|d CARM 1 Store
|e A02183
|f A2:AI05G0
|h Other scheme
|i book
|m 0153797
|